000 00583nam a22001937a 4500
005 20251108164834.0
008 250721s1994 xx 000 0 ara d
082 1 4 _a616.6/عطي
100 1 _aعطية، عطية عبد الله
245 1 0 _aالزوج في قفص الإتهام /
264 1 _aالقاهره :
_bأخبار اليوم،
_c1994.
300 _a112ص
490 0 _aسلسلة كتاب اليوم الطبي؛ 145
650 1 7 _aأمراض الجهاز التناسلي
650 1 7 _aالعقم
650 1 7 _aالجنس
942 _2ddc
_cBK
999 _c15598
_d15598